Benediktinské Arciopatství sv. Markéty a sv. Vojtěcha v Břevnově : sbírka básní /

Hlavní autor: Vosecká, Jana
Další autoři: Linart, Petr
Jazyk: Čeština
Vydáno: Praha : J. Vosecká, 2013
Vydání: Vyd. 1.
Témata:
Fyzický popis: 39 s. : barev. il., 1 portrét ; 16 cm
Knihy
Uloženo v:
LEADER 01512nam a2200421 a 4500
001 nkc20132438576
003 CZ PrNK
005 20130726142104.0
007 ta
008 130125s2013 xr ac g 000 p cze
015 |a cnb002438576 
020 |a 978-80-260-3815-3  |q (brož.) 
035 |a (OCoLC)847727507 
040 |a OLA001  |b cze  |d ABA001 
043 |a e-xr---  |b e-xr-pg  |2 czenas 
072 7 |a 821.162.3-1  |x Česká poezie  |2 Konspekt  |9 25 
080 |a 821.162.3-1  |2 MRF 
080 |a 27-789.2-523.6-788-1/-9  |2 MRF 
080 |a (437.311)  |2 MRF 
080 |a (0:82-1)  |2 MRF 
100 1 |a Vosecká, Jana  |7 jo2013758834  |4 aut 
245 1 0 |a Benediktinské Arciopatství sv. Markéty a sv. Vojtěcha v Břevnově :  |b sbírka básní /  |c Jana Vosecká ; [foto Petr Linart] 
250 |a Vyd. 1. 
260 |a Praha :  |b J. Vosecká,  |c 2013 
300 |a 39 s. :  |b barev. il., 1 portrét ;  |c 16 cm 
610 2 7 |a Břevnovský klášter  |7 ko2002102047  |2 czenas 
650 0 7 |a benediktinské kláštery  |7 ph118806  |z Česko  |2 czenas 
650 0 9 |a Benedictine monasteries  |z Czechia  |2 eczenas 
651 7 |a Břevnov (Praha, Česko)  |7 ge137107  |2 czenas 
651 9 |a Břevnov (Prague, Czechia)  |2 eczenas 
655 7 |a česká poezie  |7 fd133958  |2 czenas 
655 9 |a Czech poetry  |2 eczenas 
700 1 |a Linart, Petr  |7 xx0088510  |4 pht 
910 2 |a BOA001  |b 1-1308.326 
990 |a BK 
995 |a 01 
991 |b 201307  |e b 
996 6 |b 2610556531  |c 1-1308.326  |l MZK  |r Sklad / do 1 hodiny  |n 0  |p p.v.  |w 001344793  |u 000010  |a 1  |e BOA001  |j MZK50  |s P